000 01019cad a22002175a 4500
001 L156984
008 120806s2012 xxk f 000 0 eng d
035 _a(Sirsi) u156984
041 0 _aeng
100 1 _aWinchester, Jo
245 0 0 _aStudent housing emerges a winner in an era of poor returns
_h[electronic resource]
260 _aLondon
_bCBRE
_c2012
490 0 _aCBRE Student Housing Review
_vAugust 2012
520 _aUK student housing sector continues to offer good rates of returns for private and institutional investors. Lists top UK student housing investors providing details of current number of beds plus the number of beds in the pipeline per operator. Outlines short and long term investment opportunities.
590 _aKA NTK
651 4 _aUnited Kingdom
_y
690 _aResidential property
_96266
690 _aInvestments
_96250
856 4 0 _uhttps://www.cbre.eu/portal/pls/portal/res_rep.show_report?report_id=2002
_zView the item free of charge from the www.cbre.eu website
942 _n0
999 _c114530
_d114530